000 00663nam a2200229Ia 4500
003 OSt
005 20220928131413.0
006 a|||||r|||| 00| 0
007 ta
008 220927b |||||||| |||| 00| 0 eng d
024 _a38876
037 _cTextual
040 _aSDCL
_cSDCL
_beng
041 _2eng
_aeng
082 _aX61.73'N6<-M6, K3
100 _aSchwartz Anna Jacobson
_9473410
245 0 _aMonetary history of the United States,1867-1960.
260 _aPrinceton
_bPrinceton University Press
_c1963
300 _axxiv,860p
_ccm.
942 _hX61.73'N6<-M6, K3
_cTEXL
_2CC
999 _c790447
_d790447